Представление документа в формате RUSMARC

ПолеНазваниеЗначение
  Тип записи a
  Библиографический уровень a
001 Контрольный номер UONB/MAIN/a418242e3c2a4d68b62fa5c36ad3ccbe
005 Дата корректировки 20260326115325.8
100 Данные общей обработки __
a Данные общей обработки 20260326 ||| 0rusy0189 ca
101 Язык документа 0_
a Язык текста rus
102 Страна публикации __
a Страна публикации RU
200 Заглавие и сведения об ответственности 1_
a Заглавие Жить работой, дышать творчеством
f Первые сведения об ответственности Н. Обуденнова
203 Вид содержания и тип средства __
a Вид содержания Текст
b Характеристика содержания визуальный
c Тип средства непосредственный
330 Аннотация __
a Аннотация В Урено-Карлинской сельском Доме культуры организован музей "Люди. События. Факты"
461 Уровень набора _0
1 2000
a Карсунский вестник
463 Уровень физической единицы _0
1 2000
a № 11 (12751) (20 марта)
v С. 1, 4
1 2101
d 2026
1 001UONB/MAIN/8b31b7660a7745c0935cd670656c2f30
600 Персоналии _1
a Персоналии (Фамилия) Кулешова
b Персоналии (Имя, инициалы) Л. Н.
g Полное имя Любовь Николаевна
601 Наименование организации как предмет 02
a Наименование организации как предмет Урено-Карлинский сельский Дом культуры
607 Географические рубрики __
a Географическое наименование Урено-Карлинское, село (Карсунский район ; Ульяновская область)
610 Ключевые слова 0_
a Ключевые слова музеи; музеи негосударственные; музеи народные; работники культуры; клубные работники
686 Индексы других классификаций __
2 Код системы rubbk
a Классификационный индекс 77.200.587
700 Автор _1
a Фамилия Обуденнова
b Имя (инициалы) Н.
g Полное личное имя Наталья
801 Источник записи _0
a Страна RU
b Организация Ульяновская ОНБ
c Дата составления 20260326
g Правила каталогизации RCR
801 Источник записи _1
a Страна RU
b Организация Ульяновская ОНБ
c Дата составления 20260326
g Правила каталогизации RCR
901 Тип документа __
t Тип документа f
w Контрольный № источника UONB/MAIN/8b31b7660a7745c0935cd670656c2f30
909 Создатель записи __
a Создатель записи Мухаметжанова
b Дата создания записи 20260326